000 00200 a2200109 4500
020 _a9788497542388
041 _aspa
100 _aEtta Kaner
245 _aCiencia Sonora
942 _cBK
952 _71
999 _c23224
_d23224